UBT Library

THE 7 HABITS OF HIGHLY EFFECTIVE FAMILIES (Record no. 60707)

000 -LEADER
fixed length control field 00360nam a22001457a 4500
008 - FIXED-LENGTH DATA ELEMENTS--GENERAL INFORMATION
fixed length control field 250423b ||||| |||| 00| 0 eng d
020 ## - INTERNATIONAL STANDARD BOOK NUMBER
International Standard Book Number 9780307440853
041 ## - LANGUAGE CODE
Language code of text/sound track or separate title eng
080 ## - UNIVERSAL DECIMAL CLASSIFICATION NUMBER
Edition identifier 1998
Universal Decimal Classification number 53COV
082 ## - DEWEY DECIMAL CLASSIFICATION NUMBER
Edition number 53COV
Classification number 53COV
100 ## - Rafti
Rafti 22
101 ## - Shkurtesa
Shkurtesa MATEMATIKA
245 ## - TITLE STATEMENT
Title THE 7 HABITS OF HIGHLY EFFECTIVE FAMILIES
Statement of responsibility, etc STEPHEN R.COVEY
942 ## - ADDED ENTRY ELEMENTS (KOHA)
Source of classification or shelving scheme
Item type Books
Holdings
Withdrawn status Lost status Source of classification or shelving scheme Damaged status Not for loan Collection code Permanent location Current location Date acquired Total Checkouts Full call number Barcode Date last seen Price effective from Koha item type
          Koleksioni i përgjithshem UBT - Lipjan UBT - Lipjan 04/23/2025   53COV 002-800070999601 04/23/2025 04/23/2025 Books
UBT Library © 2015-2024. All rights reserved University Education for Business and Technology